000 00930nmm a2200277 a 4500
001 ocm0002146923
003 TR-IsHL
005 20201028182802.0
008 190207s2015 tu tur
007 cr cn
020 _a9786053271468
035 _a2146923
_b(N$T)
050 0 4 _aHF5415.32
_b.O98 2015
090 0 4 _aHF5415.32
_b.O98 2015
100 1 _aÖztürk, Büşra Engin
245 1 0 _aTüketici Davranışları
_h[electronic resource] /
_cBüşra Engin Öztürk
260 _aBursa :
_bEkin Basım Yayın Dağıtım,
_c2015
300 _a243 p.
500 _aKaynakça var
650 4 _aFelsefe, Psikoloji ve Din
650 4 _aPhilosophy, Psychology and Religion
650 0 _aTüketici davranışları
650 0 _aConsumer behavior
650 7 _aBUSINESS & ECONOMICS / Consumer Behavior
_2bisacsh
856 4 0 _uhttp://search.ebscohost.com/login.aspx?direct=true&scope=site&db=e011xww&AN=2146923
999 _c20232
_d20232